000 00353nam a2200133 4500
005 20260530113903.0
100 1 _aClarence P. Hornung
_932478
245 1 0 _aHandbook of Early Advetising Art
264 1 _bDover Publications
_c1956
300 _a237 páginas
336 _atexto
_2rdacontent
337 _asin medio
_2rdamedia
338 _avolumen
_2rdacarrier
999 _c11837
_d11837